000 00948nam a2200289 a 4500
001 66364
003 BD-RjUL
005 20211209081531.0
008 170315s1978 njua b 001 0 eng
020 _a0130391158
035 _aMITb10058413
035 _a(BD-RjUL)66494
035 _aGLIS00058413
040 _aDLC
_cDLC
_dm.c.
_dMYG
_dBD-RjUL
_beng
041 _aeng
082 _223
_a621.3822
_bAPP 1978
099 _aTK5102.5.A68
245 0 0 _aApplications of digital signal processing /
_cAlan V. Oppenheim, editor.
260 _aEnglewood Cliffs, N.J. :
_bPrentice-Hall,
_cc1978.
300 _axii, 499 p. :
_bill. ;
_c24 cm.
490 1 _aPrentice-Hall signal processing series
504 _aIncludes bibliographical references and index.
650 0 _aSignal processing.
_xDigital techniques
_9196398
700 1 _aOppenheim, Alan V.,
_d1937-
_9196399
830 0 _aPrentice-Hall signal processing series.
_9196408
942 _2ddc
_cBK
999 _c66364
_d66364